LIBRARY & INFORMATION CENTRE, KCAET, TAVANUR

ONLINE PUBLIC ACCESS CATALOGUE (OPAC)

Workshop and canal automation: 27-29 April, 1999 Maharashtra: Proceedings / (Record no. 9653)

MARC details
000 -LEADER
fixed length control field 00499cam a2200169ua 4500
041 ## - LANGUAGE CODE
Language code of text/sound track or separate title eng
082 ## - DEWEY DECIMAL CLASSIFICATION NUMBER
Classification number 028.74 6271
Item number VAR/WO
100 ## - MAIN ENTRY--AUTHOR NAME
Personal name Varma, C V L .
245 ## - TITLE STATEMENT
Title Workshop and canal automation: 27-29 April, 1999 Maharashtra: Proceedings /
260 ## - PUBLICATION, DISTRIBUTION, ETC. (IMPRINT)
Place of publication New Delhi :
Name of publisher Central Board of Irrigation and Power (CBIP) ,
Year of publication 1927.
300 ## - PHYSICAL DESCRIPTION
Number of Pages 316 ; .
650 ## - SUBJECT ADDED ENTRY--TOPICAL TERM
Topical Term Proceedings
700 1# - ADDED ENTRY--PERSONAL NAME
Personal name Rao, A R G .
942 ## - ADDED ENTRY ELEMENTS (KOHA)
Koha item type Books
Holdings
Withdrawn status Lost status Damaged status Home library Current library Date acquired Full call number Accession Number Koha item type
      KAUAET KAUAET 07/04/2012 028.74 6271 20327 Reference
free website counter